Worst U.S. States to Live In - Statistics

General Stats
  • This quiz has been taken 99 times
  • The average score is 8 of 10
Answer Stats
Rank U.S. State % Correct
3 Mississippi
94%
7 Alabama
90%
6 Arkansas
89%
1 Louisiana
84%
4 New Mexico
84%
2 Alaska
82%
5 West Virginia
82%
8 Oklahoma
78%
9 South Carolina
76%
10 Michigan
64%
No matching quizzes found
Score Distribution
Percent of People with Each Score
Percentile by Number Answered
Your Score History
You have not taken this quiz